Potsdam, NY - Statistics

General Stats
  • This quiz has been taken 10 times
  • The average score is 7 of 10
Answer Stats
Question Answer % Correct
The largest order in Steinway & Sons history was made by...? Crane School of Music
100%
What famous movie director taught humanities at Clarkson University? Wes Craven
89%
What Potsdam-based musical ensemble performed at the unveiling of the refurbished Statue of Liberty in 1986? Crane Chorus
78%
How did Potsdam get its name? Reddish sandstone deposits were similar to those of Potsdam, Prussia
78%
Why is Potsdam featured in Atlas Obscura? toilet gardens
78%
Dr. Thatcher, a Potsdam druggist invented the...? milk bottle
67%
Where did the creator of this quiz live in Potsdam? 89 Elm Street
56%
What years did the Potsdam Bears Men’s Basketball Team won the Division III National Championships? 1981 & 1986
44%
The Potsdam Museum was founded in 1939 to house...? collection of English pottery
33%
In 1804, the first baby was born in Potsdam. her name was...? Orpha Maria
33%
No matching quizzes found
Score Distribution
Percent of People with Each Score
Percentile by Number Answered
Your Score History
You have not taken this quiz